| 000 | 00576nam a2200181 a 4500 | ||
|---|---|---|---|
| 005 | 20240829063713.0 | ||
| 008 | 991125s1992 fr 000 0 fre u | ||
| 035 | _aUPN01000049105 | ||
| 049 | _aCG | ||
| 050 | 4 |
_aLC149 _bC4.3 |
|
| 110 | 2 | _aCentre for Educational Research and Innovation (Francia) | |
| 245 | 1 | 0 |
_aAdult illiteracy and economic performance / _cCentre for Educational Research and Innovation. |
| 260 |
_aParis : _bOECD, _c1992. |
||
| 300 | _a87 p. | ||
| 650 | 4 |
_aAlfabetización (Educación) _91831 |
|
| 650 | 0 |
_aEducación fundamental _913329 |
|
| 905 | _aLibro | ||
| 999 |
_c49105 _d49105 |
||